000 00679nam a2200217 i 4500
001 71174
003 ES-MaACL
005 20250913153951.0
007 t|
008 040806s1979 sp ||||1| spa d
100 1 _aGauthier, André.
_956031
245 1 0 _aWagner /
_cAndré Gauthier ; traducción del francés por Felipe Ximénez de Sandoval.
250 _a3ª ed.
260 _aMadrid :
_bEspasa-Calpe,
_c1979.
300 _a124 p. :
_bil. ;
_c18 cm.
490 1 _aClásicos de la música
700 1 _aXiménez de Sandoval, Felipe,
_d1903-1978
_9117510
830 0 _aClásicos de la música
_9181484
852 _aES-MaACL
_jA-10493
_bR.99734
999 _c71174
_d71174